Statistics for mixed capital cities

Click here to take the quiz!

General Stats

  • This quiz has been taken 34 times
  • The average score is 13 of 15

Answer Stats

HintAnswer% Correct
JamaicaKingston
97%
CubaHavana
94%
FinlandHelsinki
94%
AfghanistanKabul
94%
IndiaNew Delhi
94%
SwedenStockholm
94%
iranTehran
94%
TunisiaTunis
91%
United Arab emiratesAbu Dhabi
88%
KenyaNairobi
88%
SomaliaMogadishu
85%
BangladeshDhaka
82%
AngolaLuanda
76%
KosovoPristina
76%
IraqBagdad
64%

Score Distribution

Percentile by Number Answered

Percent of People with Each Score

Your Score History

You have not taken this quiz